| 000 | 00640nam a22002177a 4500 | ||
|---|---|---|---|
| 003 | OSt | ||
| 005 | 20260629151127.0 | ||
| 008 | 260629b |||||||| |||| 00| 0 eng d | ||
| 020 | _a1-4166-0030-2 | ||
| 040 | _cChuka University Library | ||
| 050 |
_aLB 1060 _b.J 46 2005 |
||
| 100 |
_aJensen Eric _928049 |
||
| 245 | _aTeaching with the brain in mind | ||
| 250 | _a2nd | ||
| 260 |
_aAlexandria _bAssociation for supervision and curriculum development _c2005 |
||
| 300 |
_a187 _bIllustrations |
||
| 650 |
_aLearning psychology _911394 |
||
| 650 |
_aTeaching psychologocal aspects _931631 |
||
| 650 |
_aBrain _928691 |
||
| 942 |
_2lcc _cBK _n0 |
||
| 999 |
_c25423 _d25423 |
||